Harry Potter Transport Modes Quiz Stats

 Plays Quiz Updated Feb 17, 2012

Challenge
Share
Tweet
Embed
Score 0/22 Timer 03:00
2 Plays Today
Modes of Transport % Correct
Broomstick
95.5%
Non-magic automobiles
86.2%
Floo powder
81.9%
Apparating
77.2%
Train
74.8%
Flying
72.2%
Magic automobiles
71.5%
Foot power
70%
Portkey
61.8%
Thestral
59.2%
Hippogriff
56.9%
Modes of Transport % Correct
Motorcycle
53.8%
Boat/Ship
48.9%
Dragon
46%
Terrestrial Carriage/cart
38.5%
Flying Carpet
25.4%
Swimming
24.9%
Centaur
19.8%
Vanishing Cabinet
19.4%
Underground
19%
Phoenix
16.2%
Magical Carriage
9.6%

You're not logged in!

Compare scores with friends on all Sporcle quizzes.
OR
Log In

You Might Also Like...

Show Comments

Extras

Top Quizzes Today


Score Distribution

Your Account Isn't Verified!

In order to create a playlist on Sporcle, you need to verify the email address you used during registration. Go to your Sporcle Settings to finish the process.

Report this User

Report this user for behavior that violates our Community Guidelines.

Details: